000
00336 a2200157 4500
001
188135
020
_a
85-262-6442-7
040
_c
Magnum
100
_a
Drummond, Regina
240
1
0
_a
Destino transilvânia
_l
por
245
1
0
_a
Destino transilvânia
300
_a
246
362
0
_a
2006
697
_a
LITERATURA GERAL
942
_c
BK
999
_c
188135
_d
188135